| 000 | 00362nam a2200157Ia 4500 | ||
|---|---|---|---|
| 005 | 20250425161608.0 | ||
| 008 | 250425s9999 xx 000 0 und d | ||
| 041 | _aspa | ||
| 082 | _a378 | ||
| 245 | 0 | _aSOBRE EL LIBRE INGRESO; LA DOCENCIA UNIVERSIT | |
| 250 | _aS.E. | ||
| 260 | _aS.L. | ||
| 260 |
_aSin Pais _bESPOL _c1979 |
||
| 942 | _c01 | ||
| 010 | _a23902 | ||
| 999 |
_c212257 _d212257 |
||